Las claves de la argumentación (Registro nro. 10780)

000 -CABECERA
Campo de control de longitud fija 01478nam a22002897a 4500
003 - IDENTIFICADOR DEL NÚMERO DE CONTROL
Campo de control OSt
005 - FECHA Y HORA DE LA ÚLTIMA TRANSACCIÓN
Campo de control 20260327133802.0
008 - CÓDIGOS DE INFORMACIÓN DE LONGITUD FIJA
Campo de control de longitud fija 260325t2005 xxu||||| |||| 00| 0 spa d
020 ## - NÚMERO INTERNACIONAL NORMALIZADO PARA LIBROS (ISBN)
Número Internacional Normalizado para Libros (ISBN) 8434444798
040 ## - FUENTE DE LA CATALOGACIÓN
Centro catalogador de origen Unicoc
Lengua de catalogación spa
Centro que cataloga Bogotá (Dr. David Ordóñez Rueda) - Campus Norte
Centro modificador Bogotá (Dr. David Ordóñez Rueda) - Campus Norte
082 ## - NÚMERO DE LA CLASIFICACIÓN DECIMAL DEWEY
Número de clasificación 808.8024
100 ## - PUNTO DE ACCESO PRINCIPAL - NOMBRE DE PERSONA
9 (RLIN) 12790
Nombre de persona Weston, Anthony
111 ## - PUNTO DE ACCESO PRINCIPAL - NOMBRE DE CONGRESO
Término indicativo de función 808.824
245 ## - MENCIÓN DE TÍTULO
Título Las claves de la argumentación
Mención de responsabilidad etc. / Anthony Weston
250 ## - MENCIÓN DE EDICIÓN
Mención de edición 10 Ed.
260 ## - PUBLICATION, DISTRIBUTION, ETC. (IMPRINT)
Lugar de publicación distribución etc. España :
Nombre del editor distribuidor etc. Ariel ,
Fecha de publicación distribución etc. 2005
300 ## - DESCRIPCIÓN FÍSICA
Extensión 77 páginas
505 ## - NOTA DE CONTENIDO CON FORMATO
Título Capítulo 1. La composición de un argumento corto. --
-- Capítulo 2. Argumentos mediante ejemplos. --
-- Capítulo 3. Argumentos por analogía . --
-- Capítulo 4. Argumentos de autoridad. --
-- Capítulo 5. argumentos acerca de las causas. --
-- Capítulo 6. Argumentos deductivos. --
-- Capítulo 7. La composición de un ensayo basado en argumento. --
-- Capítulo 8. La composición de un ensayo basado en argumentos. --
-- Capítulo 9. La composición de un ensayo basado en argumentos. --
-- Capítulo 10. Falacias.
526 ## - NOTA DE INFORMACIÓN SOBRE EL PROGRAMA DE ESTUDIO
Institución que aplica el campo Unicoc
546 ## - NOTA DE LENGUA
Nota de lengua Español
650 #0 - PUNTO DE ACCESO ADICIONAL DE MATERIA - TÉRMINO DE MATERIA
9 (RLIN) 12791
Término de materia o nombre geográfico como elemento inicial Argumento
650 #0 - PUNTO DE ACCESO ADICIONAL DE MATERIA - TÉRMINO DE MATERIA
9 (RLIN) 6065
Término de materia o nombre geográfico como elemento inicial Arte de escribir.
Subdivisión de forma Manuales
650 #0 - PUNTO DE ACCESO ADICIONAL DE MATERIA - TÉRMINO DE MATERIA
9 (RLIN) 8661
Término de materia o nombre geográfico como elemento inicial Argumentación, retórica, interpretación y hermenéutica
658 #0 - TÉRMINO DE INDIZACIÓN - OBJETIVO CURRICULAR
9 (RLIN) 8008
Programa Académico Programa de Derecho
856 ## - LOCALIZACIÓN Y ACCESO ELECTRÓNICOS
Identificador Uniforme del Recurso (URI) https://unicoceduco-my.sharepoint.com/:b:/g/personal/direccionbiblioteca_unicoc_edu_co/IQCsgoQlctOmQqHge2Eu1swLAfqVPdta2wf0FkpKW5n-Q-E
Texto del enlace Acceso online exclusivo para comunidad Unicoc
942 ## - ENTRADA PARA ELEMENTOS AGREGADOS (KOHA)
Fuente de clasificación o esquema de ordenación en estanterías
Koha [por defecto] tipo de item Libro electrónico
Existencias
Localización actual Localización permanente Fecha de adquisición Estado de pérdida Fecha del precio de reemplazo No para préstamo Tipo de item de Koha Fuente de adquisición Estropeado Fuente de clasificación o esquema de ordenación en estanterías Signatura completa Código de barras Precio Fecha última consulta Código de colección
Bogotá (Dr. David Ordóñez Rueda) - Campus NorteBogotá (Dr. David Ordóñez Rueda) - Campus Norte2026-03-25 2026-03-25 Libro electrónicoCompra  808.8024Ebook10780200000.002026-03-25Coleccion Online

© 2014 UNICOC | Institución Universitaria Colegios de Colombia - UNICOC
Bogotá D.C. Autopista Norte Km. 20. Teléfono:(571)6683535
Cali: Calle 13 Norte No. 3N-13. Teléfono: (572)6608887

Con tecnología de Koha